00475nam a2200193 a 4500001001300000003000900013005001700022008004100039020001000080082001600090100001900106245003700125260003000162300000900192500003500201505001000236650001600246700001900262nice12345678IN_TiNIC20260116011327.0050524s1964 leia grp 000 0 eng  ac10000a418.02bNID aNida, Eugene A aTowards a Science of Translating aLeidenbE. J. Brillc1964 a231p aincludes index and biblioraphy2 aIndex aTranslating1 aNida, Eugene A